Neofisherovská teória monetárnej politiky

Za predpokladu racionálnych očakávaní, aplikovanie Taylorovho pravidla vedie k pasci likvidity, ak je štartovacia hodnota inflácie nižšia ako inflačný cieľ stanovený monetárnou politikou, alebo k hyperinflácii, ak štartovacia inflácia je vyššia ako inflačný cieľ.

Saved in:
Bibliographic Details
Main Author: Szomolányi, Karol, 1976-
Format: Book Chapter
Language:Slovak
Subjects:
Tags: Add Tag
No Tags, Be the first to tag this record!

MARC

LEADER 00000naa$a2200000$$$4500
001 0249554
005 20240502074006.9
041 0 |a slo 
044 |a SK 
245 1 0 |a Neofisherovská teória monetárnej politiky  |c Karol Szomolányi 
520 |a Za predpokladu racionálnych očakávaní, aplikovanie Taylorovho pravidla vedie k pasci likvidity, ak je štartovacia hodnota inflácie nižšia ako inflačný cieľ stanovený monetárnou politikou, alebo k hyperinflácii, ak štartovacia inflácia je vyššia ako inflačný cieľ. 
610 2 0 |a keynesizmus 
610 2 0 |a rovnice lineárne 
610 2 0 |a politika menová 
610 2 0 |a miera úroková 
610 2 0 |a inflácia 
100 1 |a Szomolányi, Karol, 1976-